|
|
|
|
| LEADER |
00000nam0a2200000 4500 |
| 001 |
268535 |
| 005 |
20231101234157.0 |
| 010 |
|
|
|a 9785406037423
|
| 035 |
|
|
|a (RuTPU)RU\TPU\book\291686
|
| 035 |
|
|
|a RU\TPU\book\195283
|
| 090 |
|
|
|a 268535
|
| 100 |
|
|
|a 20100507d2014 m y0rusy50 ca
|
| 101 |
0 |
|
|a rus
|
| 102 |
|
|
|a RU
|
| 105 |
|
|
|a y j 011zy
|
| 200 |
1 |
|
|a Финансы
|e учебник для вузов
|f Финансовый университет при Правительстве Российской Федерации ; под ред. Е. В. Маркиной
|
| 205 |
|
|
|a 2-е изд., стер.
|
| 210 |
|
|
|a Москва
|c КноРус
|d 2014
|
| 215 |
|
|
|a 425 с.
|
| 225 |
1 |
|
|a Бакалавриат
|
| 300 |
|
|
|a К 95-летию Финансового университета при Правительстве РФ.
|
| 320 |
|
|
|a Литература: с. 416-425.
|
| 320 |
|
|
|a Глоссарий: с. 402-415.
|
| 330 |
|
|
|a Раскрывается понятие, и назначение финансов, основы функционирования финансовой системы, роли финансовой политики и финансового механизма в управлении социально-экономическими процессами, рассматриваются основные закономерности функционирования финансов организаций и домохозяйств, государственных и муниципальных финансов.Соответствует Федеральному государственному образовательному стандарту высшего профессионального образования по направлению подготовки «Экономика».Для студентов, обучающихся по программе бакалавриата по направлению подготовки «Экономика».
|
| 606 |
1 |
|
|a Финансы
|x Экономика
|y Россия
|2 stltpush
|3 (RuTPU)RU\TPU\subj\67534
|9 83291
|
| 610 |
1 |
|
|a финансовая система
|
| 610 |
1 |
|
|a финансовая политика
|
| 610 |
1 |
|
|a управление
|
| 610 |
1 |
|
|a финансовый менеджмент
|
| 610 |
1 |
|
|a финансовое планирование
|
| 610 |
1 |
|
|a финансовое прогнозирование
|
| 610 |
1 |
|
|a финансовое регулирование
|
| 610 |
1 |
|
|a финансовый контроль
|
| 610 |
1 |
|
|a индивидуальное предпринимательство
|
| 610 |
1 |
|
|a государственные финансы
|
| 610 |
1 |
|
|a органы власти
|
| 610 |
1 |
|
|a бюджеты
|
| 610 |
1 |
|
|a системное самоуправление
|
| 610 |
1 |
|
|a доходы
|
| 610 |
1 |
|
|a расходы
|
| 610 |
1 |
|
|a бюджетный процесс
|
| 610 |
1 |
|
|a Российская Федерация
|
| 610 |
1 |
|
|a государственный долг
|
| 610 |
1 |
|
|a социальное страхование
|
| 610 |
1 |
|
|a внебюджетные фонды
|
| 610 |
1 |
|
|a обязательное медицинское страхование
|
| 610 |
1 |
|
|a учебники
|
| 686 |
|
|
|a У9(2)26я73
|v LBC/SL-A
|2 rubbk
|
| 702 |
|
1 |
|a Маркина
|b Е. В.
|g Елена Валентиновна
|4 340
|
| 712 |
0 |
2 |
|a Финансовый университет при Правительстве Российской Федерации
|c (Москва)
|c (2010- )
|2 stltpush
|3 (RuTPU)RU\TPU\col\17114
|9 26530
|
| 801 |
|
1 |
|a RU
|b 63413507
|c 20140904
|
| 801 |
|
2 |
|a RU
|b 63413507
|c 20150625
|g RCR
|
| 900 |
|
|
|a Финансы
|
| 942 |
|
|
|c BK
|
| 953 |
|
|
|b 080100
|l 8.1
|
| 959 |
|
|
|a 124/20140904
|d 2
|e 570,00
|f ЧЗГЛ:1
|f АНЛ:1
|